Представление документа в формате RUSMARC

ПолеНазваниеЗначение
  Тип записи a
  Библиографический уровень m
001 Контрольный номер admiBOOK00019539
005 Дата корректировки 20140508173800.6
010 Индекс ISBN __
d Цена 255,90
100 Данные общей обработки __
a Данные общей обработки 19020319 |||y0 y0189 ca
101 Язык документа __
a Язык текста rus
105 Кодированные данные (монография) __
a Кодированные данные (монография) zy
200 Заглавие и сведения об ответственности 0_
a Заглавие Экономика промышленного предприятия
e Сведения, относящиеся к заглавию Учебник
210 Выходные данные __
a Место издания М
c Издательство ИНФРА-М
d Дата издания 2011
215 Физическое описание __
a Объем 395с.
225 Серия __
a Серия Высшее образование
606 Тематические рубрики __
a Основная рубрика Экономика промышленности
x Основная подрубрика Экономика промышленного предприятия
686 Индексы других классификаций __
a Классификационный индекс 65.30
700 Автор _1
a Фамилия Иванов
b Имя И.Н.
852 Данные о местонахождении __
c Местонахождение стеллажа 65.30
j Шифр хранения 65.30
852 Данные о местонахождении __
b Сигла хранения ЧЗ_1
t Номер экземпляра 2
i Авторский знак И20
p Инвентарный номер 147514
p Инвентарный номер 147515
901 Тип документа __
t Тип документа m
911 __
u 952a=Учебная
u 952p=2211
938 Служебная информация __
a Название организации Саранский филиал
b Имя БД OUTPUT.MRC_Саранск
c Название АИБС АИБС Библиотека